[Event "Mittelrhein Regionalliga 1718"]
[Site "Nordrheinwestfalen"]
[Date "2017.12.03"]
[Round "4.8"]
[White "Rose, Dominik"]
[Black "Kathstede, Gerd"]
[Result "1/2-1/2"]
[WhiteElo "2071"]
[BlackElo "1954"]
[PlyCount "66"]
[EventDate "2017.09.10"]
[EventType "team-tourn"]
[EventRounds "9"]
[EventCountry "GER"]
[SourceTitle "EXT 2022"]
[Source "ChessBase"]
[SourceDate "2021.10.06"]
[SourceVersion "1"]
[SourceVersionDate "2021.10.06"]
[SourceQuality "1"]
[WhiteTeam "Koeln Lasker"]
[BlackTeam "Aachen DJK Aufwärts III"]
[WhiteTeamCountry "GER"]
[BlackTeamCountry "GER"]

1. d4 d5 2. c4 e6 3. Nc3 Nf6 4. cxd5 exd5 5. Qc2 Be7 6. e3 0-0 7. Bd3 c6 8. Nge2 Re8 9. 0-0 Nbd7 10. b3 Nf8 11. Bb2 Ng6 12. Ng3 Bf8 13. Rae1 Bd7 14. a3 Ng4 15. h3 Nf6 16. Qd2 Nh4 17. f4 Qc8 18. Qf2 Nf5 19. Nh1 h5 20. e4 dxe4 21. Nxe4 Nxe4 22. Rxe4 Rxe4 23. Bxe4 Be6 24. Qf3 g6 25. g4 hxg4 26. hxg4 Ne7 27. f5 gxf5 28. gxf5 Bd5 29. Qg3+ Kh7 30. Qh4+ Kg8 31. Qg5+ Kh7 32. Qh4+ Kg8 33. Qg5+ Kh7 1/2-1/2

[Event "Maastricht Limburg op-A 8th"]
[Site "Maastricht"]
[Date "2014.06.06"]
[Round "1"]
[White "Rose, Dominik"]
[Black "Veltman, Anne"]
[Result "1-0"]
[WhiteElo "2127"]
[BlackElo "2017"]
[PlyCount "31"]
[EventDate "2014.06.06"]
[EventType "swiss"]
[EventRounds "7"]
[EventCountry "NED"]
[SourceTitle "CBM 160 Extra"]
[Source "ChessBase"]
[SourceDate "2014.07.01"]
[SourceVersion "1"]
[SourceVersionDate "2014.07.01"]
[SourceQuality "1"]

1. d4 e6 2. c4 c5 3. Nf3 g6 4. g3 Bg7 5. Bg2 Ne7 6. 0-0 cxd4 7. Nxd4 Nbc6 8. Nb5 0-0 9. N1c3 a6 10. Nd6 Qb6 11. Na4 Qc7 12. c5 Nd4 13. e3 Nb5 14. Qd3 Qa5 15. Nb6 Ra7 16. Bd2 1-0

[Event "Regionalliga SW 1011"]
[Site "Bayern"]
[Date "2011.03.20"]
[Round "8.8"]
[White "Bilchinski, Anton"]
[Black "Rose, Dominik"]
[Result "1/2-1/2"]
[WhiteElo "1774"]
[BlackElo "2087"]
[PlyCount "63"]
[EventDate "2010.10.10"]
[EventType "team-tourn"]
[EventRounds "9"]
[EventCountry "GER"]
[SourceTitle "EXT 2012"]
[Source "ChessBase"]
[SourceDate "2011.11.24"]
[SourceVersion "1"]
[SourceVersionDate "2011.11.24"]
[SourceQuality "1"]
[WhiteTeam "Goeggingen"]
[BlackTeam "Unterhaching"]
[WhiteTeamCountry "GER"]
[BlackTeamCountry "GER"]

1. d4 f5 2. c4 Nf6 3. Nc3 d6 4. g3 g6 5. Bg2 Bg7 6. Nf3 0-0 7. 0-0 Qe8 8. d5 a5 9. Nd4 Na6 10. Rb1 Bd7 11. Bg5 Nc5 12. Ndb5 Rc8 13. a3 Nfe4 14. Be3 c6 15. Nxe4 Nxe4 16. Nd4 c5 17. Ne6 Bxe6 18. Bxe4 fxe4 19. dxe6 Qc6 20. b4 cxb4 21. axb4 a4 22. c5 a3 23. Bd4 dxc5 24. Bxg7 Kxg7 25. bxc5 Qxc5 26. Rxb7 Rfd8 27. Rd7 Rxd7 28. exd7 Rd8 29. Qa1+ e5 30. Rc1 Qe7 31. Rd1 Rxd7 32. Rxd7 1/2-1/2

[Event "Regionalliga SW 1011"]
[Site "Bayern"]
[Date "2010.12.12"]
[Round "4.7"]
[White "Epple, Ulrich"]
[Black "Rose, Dominik"]
[Result "1-0"]
[WhiteElo "1956"]
[BlackElo "2087"]
[PlyCount "65"]
[EventDate "2010.10.10"]
[EventType "team-tourn"]
[EventRounds "9"]
[EventCountry "GER"]
[SourceTitle "EXT 2012"]
[Source "ChessBase"]
[SourceDate "2011.11.24"]
[SourceVersion "1"]
[SourceVersionDate "2011.11.24"]
[SourceQuality "1"]
[WhiteTeam "Tuerkheim/Bad Woerishofen"]
[BlackTeam "Unterhaching"]
[WhiteTeamCountry "GER"]
[BlackTeamCountry "GER"]

1. e4 d5 2. exd5 Nf6 3. d4 Bg4 4. f3 Bc8 5. c4 c6 6. dxc6 Nxc6 7. d5 Ne5 8. Nc3 e6 9. Nge2 Bc5 10. Nf4 0-0 11. dxe6 Qe8 12. Qe2 Ng6 13. Nxg6 fxg6 14. Be3 Bb4 15. Rc1 Bxe6 16. a3 Be7 17. Nb5 Rc8 18. Nxa7 Rd8 19. Bb6 Rd6 20. Bc5 Ra6 21. Bxe7 Qxe7 22. Nb5 Re8 23. Rc3 Qc5 24. Kd1 Bf5 25. Qd2 Raa8 26. b4 Qe5 27. c5 Kh8 28. Bc4 Rad8 29. Nd6 b6 30. Re1 Bc2+ 31. Kxc2 Qxe1 32. Qxe1 Rxe1 33. Nf7+ 1-0

[Event "Regionalliga SW 1011"]
[Site "Bayern"]
[Date "2010.10.10"]
[Round "1.7"]
[White "Rose, Dominik"]
[Black "Pleyer, Felix"]
[Result "0-1"]
[WhiteElo "2087"]
[BlackElo "1925"]
[PlyCount "80"]
[EventDate "2010.10.10"]
[EventType "team-tourn"]
[EventRounds "9"]
[EventCountry "GER"]
[SourceTitle "EXT 2012"]
[Source "ChessBase"]
[SourceDate "2011.11.24"]
[SourceVersion "1"]
[SourceVersionDate "2011.11.24"]
[SourceQuality "1"]
[WhiteTeam "Unterhaching"]
[BlackTeam "Sonthofen"]
[WhiteTeamCountry "GER"]
[BlackTeamCountry "GER"]

1. d4 Nf6 2. c4 c5 3. d5 d6 4. Nc3 g6 5. e4 Bg7 6. f4 0-0 7. Nf3 Bg4 8. Be2 Nfd7 9. Be3 Na6 10. 0-0 Nc7 11. Qd2 Rb8 12. Rad1 a6 13. e5 b5 14. h3 Bxf3 15. Bxf3 bxc4 16. h4 Nb5 17. Nxb5 axb5 18. Be4 f5 19. Bb1 h5 20. Rfe1 Kh7 21. Qe2 Qc7 22. Bc1 Nb6 23. g3 Rb7 24. Kh2 Na4 25. Kh3 c3 26. b3 Nb6 27. Qxb5 dxe5 28. fxe5 Nxd5 29. Qc4 e6 30. Qe2 Rb4 31. Bd3 f4 32. Bc4 fxg3 33. a3 Rbb8 34. Qe4 c2 35. Rd3 Rf5 36. Rxg3 Qxe5 37. Qxe5 Bxe5 38. Rd3 Nf4+ 39. Bxf4 Bxf4 40. Rc3 Bd2 0-1

[Event "Main Vogelsberg op 4th"]
[Site "Heusenstamm"]
[Date "2009.05.01"]
[Round "3"]
[White "Rose, Dominik"]
[Black "Will, Patrick"]
[Result "1/2-1/2"]
[WhiteElo "2141"]
[BlackElo "1929"]
[PlyCount "104"]
[EventDate "2009.04.30"]
[EventType "swiss"]
[EventRounds "7"]
[EventCountry "GER"]
[SourceTitle "CBM 130 Extra"]
[Source "ChessBase"]
[SourceDate "2009.07.02"]
[SourceVersion "2"]
[SourceVersionDate "2009.07.15"]
[SourceQuality "1"]

1. d4 d5 2. c4 c6 3. Nc3 Nf6 4. Bg5 Ne4 5. Nxe4 dxe4 6. Qd2 Bf5 7. e3 Nd7 8. Ne2 Qb6 9. Nc3 e5 10. d5 f6 11. Bh4 Bd6 12. g4 Bg6 13. dxc6 Qxc6 14. 0-0-0 Bb4 15. Qc2 Bxc3 16. Qxc3 0-0-0 17. Qa5 Qc5 18. Qxc5+ Nxc5 19. Be2 Nd3+ 20. Kc2 Rd7 21. Kc3 Rhd8 22. Bg3 h6 23. h4 Re7 24. Rd2 Nc5 25. Rxd8+ Kxd8 26. Rd1+ Rd7 27. Rxd7+ Kxd7 28. g5 hxg5 29. hxg5 Kd6 30. b4 Ne6 31. gxf6 gxf6 32. Bh4 Ke7 33. c5 a6 34. Bc4 Nc7 35. a4 Be8 36. Kb3 Bc6 37. Be2 Bd5+ 38. Ka3 Bc6 39. Bg4 Ne8 40. Bf5 Nc7 41. Bc8 Kf7 42. b5 axb5 43. axb5 Nxb5+ 44. Kb4 Nc7 45. Ka5 Ne6 46. Kb6 Ke7 47. Bxb7 Bxb7 48. Kxb7 Nxc5+ 49. Kc6 Nb3 50. Kd5 Nd2 51. Bg3 Kf7 52. Bh4 Ke7 1/2-1/2

[Event "NOR-chT"]
[Site "Oslo"]
[Date "2006.06.09"]
[Round "3"]
[White "Vestly, Jan Vidar"]
[Black "Rose, Dominik"]
[Result "1/2-1/2"]
[WhiteElo "2119"]
[BlackElo "2165"]
[PlyCount "126"]
[EventDate "2006.06.07"]
[EventType "team-tourn"]
[EventRounds "5"]
[EventCountry "NOR"]
[SourceTitle "CBM 112 Extra"]
[Source "ChessBase"]
[SourceDate "2006.07.14"]
[SourceVersion "1"]
[SourceVersionDate "2006.07.14"]
[SourceQuality "1"]

1. d4 Nf6 2. Nf3 d5 3. Bf4 c5 4. c3 Qb6 5. Qb3 c4 6. Qc2 Nc6 7. Nbd2 Bg4 8. e4 e6 9. Be2 Be7 10. 0-0 0-0 11. Rfe1 Rfe8 12. Ne5 Bxe2 13. Rxe2 Nxe5 14. Bxe5 Qc6 15. Rae1 b5 16. exd5 Qxd5 17. Nf3 Nd7 18. Bg3 a5 19. Ne5 Red8 20. Nxd7 Rxd7 21. Re5 Qc6 22. Rh5 g6 23. Rh3 Bf6 24. Qc1 Bg7 25. Be5 f6 26. Bf4 Qd5 27. Rhe3 Re8 28. Re4 Kf7 29. Qd1 Qf5 30. Bg3 g5 31. h4 h6 32. Qh5+ Qg6 33. Qxg6+ Kxg6 34. Rxe6 Rxe6 35. Rxe6 Rd5 36. hxg5 hxg5 37. Kf1 Kf5 38. Ra6 a4 39. Ra7 Bh6 40. Rh7 Kg6 41. Rc7 g4 42. Rc5 Rxc5 43. dxc5 Kf7 44. c6 Ke6 45. Ke2 Bc1 46. c7 Kd7 47. Bd6 Bxb2 48. Kd2 a3 49. f3 gxf3 50. gxf3 Kc8 51. f4 Kd7 52. f5 Kc8 53. Be5 Kd7 54. Bxf6 Kxc7 55. Be7 Kd7 56. Bb4 Ke8 57. Ke3 Kf7 58. Ke4 Kf6 59. Ba5 Ba1 60. Bd8+ Kf7 61. Kd4 b4 62. Kxc4 Bxc3 63. Kb3 Bd2 1/2-1/2

[Event "NOR-chT 0506"]
[Site "Norway"]
[Date "2005.12.04"]
[Round "1"]
[White "Langmyhr, Tore"]
[Black "Rose, Dominik"]
[Result "1/2-1/2"]
[WhiteElo "1747"]
[BlackElo "2165"]
[PlyCount "131"]
[EventDate "2005.11.01"]
[EventType "team-tourn"]
[EventRounds "2"]
[EventCountry "NOR"]
[SourceTitle "CBM 109 Extra"]
[Source "ChessBase"]
[SourceDate "2006.01.03"]
[SourceVersion "2"]
[SourceVersionDate "2006.01.03"]
[SourceQuality "1"]

1. c4 Nf6 2. Nc3 e6 3. e4 c5 4. e5 Ng8 5. Nf3 Nc6 6. d4 cxd4 7. Nxd4 Qc7 8. f4 Nxd4 9. Qxd4 Bc5 10. Qd3 Nh6 11. Be3 Bxe3 12. Qxe3 Nf5 13. Qd2 0-0 14. 0-0-0 a6 15. Kb1 b5 16. cxb5 axb5 17. Nxb5 Qb6 18. Nd6 Qa7 19. a3 Ne3 20. Rc1 Nd5 21. Bc4 Nb6 22. Bd3 Ba6 23. Rc2 Bxd3 24. Qxd3 Nd5 25. Qf3 Nb4 26. Rc3 Nc6 27. Qe3 Qa5 28. Qc5 Qa4 29. Qc4 Qa5 30. Qb5 Qd8 31. g3 Ra5 32. Qd3 Qa8 33. Rhc1 Rb8 34. Rb3 Rd5 35. Qc3 f6 36. Rxb8+ Qxb8 37. Nc4 fxe5 38. Nxe5 Nxe5 39. fxe5 Qb5 40. Qc8+ Kf7 41. Qc4 Qxc4 42. Rxc4 Rxe5 43. b4 Ke7 44. Kb2 d5 45. Rc2 d4 46. a4 Rd5 47. b5 d3 48. Rd2 e5 49. Kc3 e4 50. b6 Kd7 51. b7 Kc7 52. Kc4 Rd8 53. a5 Kxb7 54. Rb2+ Ka6 55. Rd2 Kxa5 56. Kc5 Rc8+ 57. Kd4 Rc2 58. Rd1 Re2 59. Kc5 Ka6 60. Kc6 Ka7 61. h4 Kb8 62. g4 Rg2 63. g5 Rh2 64. h5 Rxh5 65. Rb1+ Ka7 66. Ra1+ 1/2-1/2

[Event "Dortmund op-A"]
[Site "Dortmund"]
[Date "2004.07.28"]
[Round "6"]
[White "Rose, Dominik"]
[Black "Rybicki, Hans"]
[Result "1-0"]
[WhiteElo "1926"]
[BlackElo "1985"]
[PlyCount "95"]
[EventDate "2004.07.??"]
[EventType "swiss"]
[EventRounds "9"]
[EventCountry "GER"]
[SourceTitle "EXT 2006"]
[Source "ChessBase"]
[SourceDate "2005.11.24"]
[SourceVersion "1"]
[SourceVersionDate "2005.11.24"]
[SourceQuality "1"]

1. c4 g6 2. Nf3 Bg7 3. d4 Nf6 4. Nc3 d6 5. e4 Nbd7 6. Be2 c5 7. 0-0 0-0 8. b3 cxd4 9. Nxd4 Nc5 10. f3 a6 11. Be3 Bd7 12. Qd2 Re8 13. Rfd1 Qc7 14. Rac1 Rac8 15. Bf1 h5 16. Qf2 Qa5 17. Qb2 Qc7 18. Qa3 Ne6 19. Nd5 Qb8 20. Nb6 Rcd8 21. Nc2 Bc8 22. Qa5 Nd7 23. b4 Qc7 24. Ne1 Bf6 25. f4 Bg7 26. g3 Qc6 27. Bg2 Qc7 28. Kh1 Nf6 29. Qa3 Nf8 30. Nxc8 Rxc8 31. Nd3 N8d7 32. Qb3 b6 33. f5 Kh7 34. c5 bxc5 35. Qxf7 Nf8 36. Nf4 Ng4 37. fxg6+ Kh8 38. Nxh5 e6 39. Qxc7 Rxc7 40. Bg1 Nxg6 41. Nxg7 Kxg7 42. Rxd6 c4 43. Rxa6 N6e5 44. Ra3 Rec8 45. Bd4 Kf7 46. Bf1 Nd7 47. Rac3 Nge5 48. Be2 1-0

[Event "Dortmund op-A"]
[Site "Dortmund"]
[Date "2004.07.27"]
[Round "5"]
[White "Anibar, Ahmed"]
[Black "Rose, Dominik"]
[Result "1-0"]
[WhiteElo "2081"]
[BlackElo "1926"]
[PlyCount "67"]
[EventDate "2004.07.??"]
[EventType "swiss"]
[EventRounds "9"]
[EventCountry "GER"]
[SourceTitle "EXT 2006"]
[Source "ChessBase"]
[SourceDate "2005.11.24"]
[SourceVersion "1"]
[SourceVersionDate "2005.11.24"]
[SourceQuality "1"]

1. e4 d5 2. exd5 Qxd5 3. Nc3 Qa5 4. d4 c6 5. Nf3 Nf6 6. Bc4 Bf5 7. Ne5 e6 8. g4 Bg6 9. h4 Bd6 10. h5 Be4 11. 0-0 Bxe5 12. dxe5 Qxe5 13. Qe2 Nbd7 14. f4 Qc5+ 15. Be3 Qb4 16. a3 Qe7 17. g5 Rg8 18. Bf2 Bd5 19. gxf6 gxf6+ 20. Kh2 Qd6 21. Bg3 0-0-0 22. Nxd5 cxd5 23. Bd3 f5 24. Bh4 Rdf8 25. Qf2 Rg4 26. Be2 Rgg8 27. Rg1 Rxg1 28. Rxg1 Nc5 29. Bd3 f6 30. Rg7 d4 31. Qf3 Re8 32. Bxf6 e5 33. Bxf5+ Kb8 34. Bxe5 1-0

[Event "Dortmund op-A"]
[Site "Dortmund"]
[Date "2004.07.25"]
[Round "3"]
[White "Albers, Damian"]
[Black "Rose, Dominik"]
[Result "1-0"]
[WhiteElo "1887"]
[BlackElo "1926"]
[PlyCount "97"]
[EventDate "2004.07.??"]
[EventType "swiss"]
[EventRounds "9"]
[EventCountry "GER"]
[SourceTitle "EXT 2006"]
[Source "ChessBase"]
[SourceDate "2005.11.24"]
[SourceVersion "1"]
[SourceVersionDate "2005.11.24"]
[SourceQuality "1"]

1. e4 d5 2. exd5 Qxd5 3. Nc3 Qa5 4. Bc4 Bf5 5. d4 c6 6. Qe2 Nf6 7. Bd2 Qb6 8. 0-0-0 e6 9. h3 Nbd7 10. g4 Bg6 11. g5 Bh5 12. f3 Nd5 13. Bxd5 cxd5 14. Nxd5 Qc6 15. Nf4 Bg6 16. Bc3 0-0-0 17. Nxg6 hxg6 18. Qe4 Qa6 19. Kb1 Be7 20. f4 Nb6 21. Nf3 Nd5 22. Bd2 Bd6 23. c4 Ne7 24. Ne5 Bxe5 25. Qxe5 Nf5 26. d5 Rhe8 27. Rc1 Qd6 28. Rhd1 Qxe5 29. fxe5 Kd7 30. d6 Rh8 31. Rc3 Rc8 32. Ra3 Rxc4 33. Rxa7 Kc6 34. Ba5 Ne3 35. Rc1 Rxc1+ 36. Kxc1 Nc4 37. Bc3 Nb6 38. a4 Nd7 39. a5 Nc5 40. b4 Rxh3 41. Kc2 Rh2+ 42. Kb1 Ne4 43. Be1 Rh1 44. b5+ Kxb5 45. Rxb7+ Ka6 46. Rb6+ Ka7 47. d7 Rh8 48. Rb4 Nxg5 49. Bf2+ 1-0

[Event "Dortmund op-A"]
[Site "Dortmund"]
[Date "2004.07.24"]
[Round "2"]
[White "Rose, Dominik"]
[Black "Dehne, Mirko"]
[Result "0-1"]
[WhiteElo "1926"]
[BlackElo "2218"]
[PlyCount "74"]
[EventDate "2004.07.??"]
[EventType "swiss"]
[EventRounds "9"]
[EventCountry "GER"]
[SourceTitle "EXT 2006"]
[Source "ChessBase"]
[SourceDate "2005.11.24"]
[SourceVersion "1"]
[SourceVersionDate "2005.11.24"]
[SourceQuality "1"]

1. c4 g6 2. Nf3 Bg7 3. Nc3 c5 4. g3 Nc6 5. Bg2 d6 6. 0-0 e5 7. d3 Nge7 8. e4 0-0 9. Nh4 Be6 10. f4 Qd7 11. f5 gxf5 12. Qh5 f4 13. Nf5 Nxf5 14. exf5 Bxf5 15. gxf4 Bg6 16. Qg5 exf4 17. Bxf4 Nd4 18. Qg3 Rfe8 19. Rae1 Nf5 20. Qh3 Rxe1 21. Rxe1 Re8 22. Be4 Bd4+ 23. Kh1 Bf2 24. Qf1 Bxe1 25. Qxe1 Nd4 26. Qh4 Qe6 27. Bg5 Nf5 28. Qf2 Ne7 29. Bxg6 fxg6 30. Ne4 Rf8 31. Qe1 Qh3 32. Ng3 Nc6 33. Qe3 Ne5 34. Bh6 Rf1+ 35. Nxf1 Qxf1+ 36. Qg1 Qxg1+ 37. Kxg1 Nxd3 0-1

[Event "GER-ch internet U25"]
[Site "Playchess.com INT"]
[Date "2004.03.14"]
[Round "5"]
[White "Wetscherek, Andreas"]
[Black "Rose, Dominik"]
[Result "1-0"]
[WhiteElo "2197"]
[BlackElo "2072"]
[PlyCount "77"]
[EventDate "2004.03.14"]
[EventType "swiss (blitz)"]
[EventRounds "7"]
[EventCountry "GER"]
[SourceTitle "EXT 2005"]
[Source "ChessBase"]
[SourceDate "2004.11.15"]
[SourceVersion "1"]
[SourceVersionDate "2004.11.15"]
[SourceQuality "1"]

1. e4 c6 2. d4 d5 3. exd5 cxd5 4. c4 e6 5. cxd5 exd5 6. Nf3 Nf6 7. Bb5+ Bd7 8. Qe2+ Be7 9. Nc3 0-0 10. 0-0 Re8 11. Bg5 a6 12. Bxd7 Nbxd7 13. Qd3 h6 14. Bxf6 Nxf6 15. Rfe1 Qb6 16. a3 Rac8 17. b4 Bd6 18. Na4 Qc6 19. Nc5 Ne4 20. Nd2 Nxd2 21. Qxd2 b6 22. Nxa6 Qb5 23. Nc5 bxc5 24. dxc5 Be5 25. Rad1 d4 26. g3 Qa4 27. Qd3 Bf6 28. b5 Kf8 29. c6 Qa5 30. Rxe8+ Rxe8 31. Qc4 Re1+ 32. Rxe1 Qxe1+ 33. Kg2 Qe4+ 34. f3 Qe3 35. c7 g6 36. c8Q+ Kg7 37. Qd7 Qd2+ 38. Kh3 g5 39. Qcxf7+ 1-0

[Event "Unna op"]
[Site "Unna"]
[Date "2003.12.29"]
[Round "5"]
[White "Rose, Dominik"]
[Black "Sauerwald, Thomas"]
[Result "0-1"]
[WhiteElo "1941"]
[BlackElo "2152"]
[PlyCount "60"]
[EventDate "2003.12.27"]
[EventType "swiss"]
[EventRounds "7"]
[EventCountry "GER"]
[SourceTitle "CBM 097 Extra"]
[Source "ChessBase"]
[SourceDate "2004.01.13"]
[SourceVersion "1"]
[SourceVersionDate "2004.01.13"]
[SourceQuality "1"]

1. d4 Nf6 2. c4 g6 3. Nc3 Bg7 4. e4 0-0 5. e5 Ne8 6. f4 c5 7. d5 d6 8. Nf3 Bg4 9. exd6 Nxd6 10. h3 Bxc3+ 11. bxc3 Bxf3 12. Qxf3 Nd7 13. Bd3 f5 14. 0-0 Nf6 15. Rb1 Qd7 16. Rb2 Rad8 17. Be3 b6 18. Bf2 Nfe4 19. Bh4 Rde8 20. g4 e6 21. dxe6 Rxe6 22. Re1 Kh8 23. gxf5 gxf5 24. Rc2 Rg8+ 25. Kh2 Reg6 26. Bg5 Qg7 27. h4 h6 28. h5 Nxg5 29. Qd5 Nf3+ 30. Qxf3 Rg3 0-1

[Event "Unna op"]
[Site "Unna"]
[Date "2003.12.27"]
[Round "2"]
[White "Rose, Dominik"]
[Black "Kilian, Ralf"]
[Result "1/2-1/2"]
[WhiteElo "1941"]
[BlackElo "2250"]
[PlyCount "109"]
[EventDate "2003.12.27"]
[EventType "swiss"]
[EventRounds "7"]
[EventCountry "GER"]
[SourceTitle "CBM 097 Extra"]
[Source "ChessBase"]
[SourceDate "2004.01.13"]
[SourceVersion "1"]
[SourceVersionDate "2004.01.13"]
[SourceQuality "1"]

1. d4 Nf6 2. c4 e6 3. Nc3 d5 4. Nf3 Bb4 5. Bd2 0-0 6. e3 b6 7. cxd5 exd5 8. Bd3 c5 9. a3 Bxc3 10. Bxc3 Nc6 11. Rc1 c4 12. Bc2 Bg4 13. Qd2 Ne4 14. Bxe4 dxe4 15. Ne5 Nxe5 16. dxe5 Qh4 17. Bd4 Rac8 18. Qb4 Be6 19. Rc2 Qg5 20. Rg1 h5 21. Kd1 Rfd8 22. h4 Qxh4 23. Kc1 Qg5 24. Kb1 Rc6 25. Ka1 Rdc8 26. Qe1 Qd8 27. f3 Qd5 28. Bc3 a5 29. Rh1 g6 30. Rd2 Qc5 31. g4 exf3 32. gxh5 g5 33. Rg1 g4 34. Rd4 Qe7 35. Rdxg4+ Bxg4 36. Rxg4+ Kf8 37. Qg3 Qe6 38. Qxf3 Rd8 39. Rg6 Qxg6 40. hxg6 Rxg6 41. Bd4 Rc8 42. Kb1 Rcc6 43. Kc2 Ke7 44. Qd5 Ke8 45. Bc3 Rge6 46. b3 cxb3+ 47. Kxb3 Kf8 48. Bd4 Ke7 49. Ka4 Ke8 50. Kb5 Rc1 51. Ka6 Rb1 52. Qb7 a4 53. Bxb6 Rbxb6+ 54. Qxb6 Kd7 55. Qxe6+ 1/2-1/2